Adivina las banderas de los municipios de Málaga - Estadísticas

Estadísticas generales
  • Esta prueba ha sido intentada 44 veces
  • La puntuación promedio es 16 de 103
Estadísticas de respuestas
Imagen Respuesta % Correcto
Málaga
83%
Coín
67%
Mijas
58%
Estepona
50%
Fuengirola
50%
Marbella
50%
Vélez-Málaga
50%
Antequera
42%
Benalmádena
42%
Nerja
42%
Torremolinos
42%
Rincón de la Victoria
33%
Ronda
33%
Alfarnate
25%
Alfarnatejo
25%
Alhaurín de la Torre
25%
Alhaurín el Grande
25%
Álora
25%
Benamocarra
25%
Casares
25%
Jubrique
25%
Manilva
25%
Torrox
25%
Villanueva del Trabuco
25%
Alcaucín
17%
Algarrobo
17%
Alpandeire
17%
Arenas
17%
Benamargosa
17%
Canillas de Aceituno
17%
Canillas de Albaida
17%
Casabermeja
17%
Comares
17%
Cómpeta
17%
Cuevas Bajas
17%
Cuevas de San Marcos
17%
Humilladero
17%
Macharaviaya
17%
Mollina
17%
Ojén
17%
Periana
17%
Riogordo
17%
Salares
17%
Sayalonga
17%
Sedella
17%
Tolox
17%
Alameda
8%
Algatocín
8%
Almáchar
8%
Almargen
8%
Almogía
8%
Árchez
8%
Archidona
8%
Arriate
8%
Benahavís
8%
Campillos
8%
Cártama
8%
Casarabonela
8%
Colmenar
8%
Cortes de la Frontera
8%
Cuevas del Becerro
8%
Cútar
8%
El Borge
8%
El Burgo
8%
Frigiliana
8%
Fuente de Piedra
8%
Gaucín
8%
Genalguacil
8%
Istán
8%
Iznate
8%
Júzcar
8%
La Viñuela
8%
Pizarra
8%
Pujerra
8%
Totalán
8%
Valle de Abdalajís
8%
Villanueva de la Concepción
8%
Villanueva del Rosario
8%
Alozaina
0%
Ardales
0%
Atajate
0%
Benadalid
0%
Benalauría
0%
Benaoján
0%
Benarrabá
0%
Cañete la Real
0%
Carratraca
0%
Cartajima
0%
Faraján
0%
Guaro
0%
Igualeja
0%
Jimera de Líbar
0%
Moclinejo
0%
Monda
0%
Montecorto
0%
Montejaque
0%
Parauta
0%
Serrato
0%
Sierra de Yeguas
0%
Teba
0%
Villanueva de Algaidas
0%
Villanueva de Tapia
0%
Yunquera
0%
No se encontraron pruebas coincidentes
Distribución de puntuación
Porcentaje de gente con cada puntuación
Porcentaje por número respondido
Historial de tus puntuaciones
No has intentado esta prueba.